000 01529nam0a2200313 i 4500
001 RU\NLR\BIBL_A\011317021
005 20260405100749.0
010 _a9785170999972
_95000
021 _aRU
_b2016-99144
_96595
035 _a(NLR Aleph) 011317021
090 _a11055413
_c11055413
100 _a20170127d2016 u y0rusy50 ca
101 1 _arus
_ceng
102 _aRU
105 _aa z 001zy
200 1 _aОсновы рисования
_e[шаг за шагом учимся рисовать карандашом натюрморты и портреты, человека и животных, жанровые сценки и пейзажи
_eучебное пособие
_fWalter Foster
_gпер. с англ. А.Н. Степановой]
210 _aМосква
_cАСТ
_a[Ирвин]
_cWalter Foster
_d2016
215 _a144 c.
_cил.
_d28
225 1 _aПолный курс рисования
_e(черно-белая)
320 _aПредм. указ.: с. 142-144
606 1 _aРисунок
_jУчебные издания
_xТехника
_91518987
_3RU\NLR\AUTH\66961977
686 1 _aЩ150.844я7
702 1 _4730
_8rus
_7ca
_aСтепанова
_bА. Н.
_cпереводчик
_gАнна Н.
_3RU\NLR\AUTH\7736854
_919843
712 0 2 _4570
_7ba
_7ca
_aWalter Foster publishing, издательство
_cИрвин, Калифорния
_9384142
_3RU\NLR\AUTH\880358309
942 _cBOOK
980 _aNBR